000 00227 a2200097 4500
001 1131
100 _aJackson,S.P
245 _aSelection and application of metallic rectifiers
260 _a
_bMcgrawhill
_c
090 _c693
_d693
942 _aNUST-CAE
_cM
_c33522
999 _c236204
_d236204